| 000 | 00643 a2200205 4500 | ||
|---|---|---|---|
| 999 |
_c2540 _d2540 |
||
| 020 | _a0140802665 | ||
| 050 | 0 | 0 | _aHD 58.7 PUG 1971 |
| 100 | 1 | _aPugh, Derek Salman. | |
| 245 | 1 | 0 |
_aWriters on organizations/ _c[by] D. S. Pugh, D. J. Hickson and C. R. Hinings. |
| 250 | _a2nd ed. | ||
| 264 |
_aHarmondsworth: _bPenguin; _c1971 |
||
| 300 | _a183 p.; | ||
| 500 | _aincludes index | ||
| 504 | _aIncludes bibliographies. | ||
| 650 | 0 | _aOrganizational sociology. | |
| 650 | 0 | _aIndustrial management. | |
| 700 | 1 |
_aHickson, David John, _ejoint author. |
|
| 700 | 1 |
_aHinings, Christopher Robin, _ejoint author. |
|
| 942 |
_2lcc _cBK _h58.7 _iPUG _k1971 |
||